Normal view
MARC view
Entry Topical Term
001 - CONTROL NUMBER
- control field: 30907
003 - CONTROL NUMBER IDENTIFIER
- control field: ARRUPE
005 - DATE AND TIME OF LATEST TRANSACTION
- control field: 20170519093410.0
008 - FIXED-LENGTH DATA ELEMENTS
- fixed length control field: 170519|| aca||aabn | a|a d
040 ## - CATALOGING SOURCE
- Original cataloging agency: ARRUPE
- Transcribing agency: ARRUPE
150 ## - HEADING--TOPICAL TERM
- Topical term or geographic name as entry element: Investments, Foreign
- General subdivision: Developing countries
670 ## - SOURCE DATA FOUND
- Source citation: Work cat.: (ARRUPE): Taydon, Yash 30905, Fallacies about the theory of FDIS, 2002